| 000 | 00713nam a2200229 a 4500 | ||
|---|---|---|---|
| 001 | 1195 | ||
| 003 | BR-CuiBMT | ||
| 005 | 20231130232340.0 | ||
| 008 | 231130s2005 mtba 000 0 por d | ||
| 020 | _a858989830 | ||
| 040 |
_aBR-CuiBMT _cBR-CuiBMT |
||
| 080 |
_a353 _x(817.2) _22007 |
||
| 090 |
_a353(817.2) _bV614d |
||
| 100 | 1 | 0 | _aViana, Mário Sérgio |
| 245 | 1 | 0 |
_aDo modelo burocrático ao gerencial : _bo exemplo de Mato Grosso / _cMário Sérgio Viana |
| 260 |
_aCáceres : _bUnemat, _c2005. |
||
| 300 |
_a140 p. : _bil. (algumas color.) ; _c20 cm |
||
| 504 | _aInclui bibliografia. | ||
| 650 |
_aAdministração pública _zMato Grosso |
||
| 650 |
_aGestão pública _zMato Grosso |
||
| 942 |
_2udc _cLV |
||
| 999 |
_c1195 _d1195 |
||